00750nam 2200217u 4500001000800000005001700008008004100025035002100066906004500087010001700132040001900149050001600168100004500184240006400229245003800293260006000331300003300391650004000424991003900464099002900503605749200000000000000.0820602q ag ag 000 0 spa  9(DLC)m 56001328 a0bcbccpremunvduencipf19gy-gencatlg am 56001328  aDLCcCarPdDLC00aMT582b.P841 aPujol, Emilio,d1886- [from old catalog]10aEscuela razonada de la guitarra. Spanish [from old catalog]10aEscuela razonada de la guitarra;  aBuenos Aires,bRicordi Americana [1952-56; v.c1, 1956] a3 v.billus., music.c32 cm. 0aGuitarxMethods. [from old catalog] bc-MusichMT582i.P84tCopy 1wPREM apujol-escuela-1071955811